000 00491nmm a2200169Ia 4500
008 251105s9999||||xx |||||||||||||||||und||
020 _a9788498958447
041 _aspa
100 _aManzuco, Rodrigo
245 0 _aCasi :
_b [medio centenar de poemas sobre casi nada]
264 _a[Madrid, España] :
_bVisor Libros,
_c2013
300 _a74 páginas
490 _aVisor de Poesía
650 _aSpanish poetry
856 _uhttps://public.digitaliapublishing.com/a/41523
942 _cCF
999 _c92309
_d92309